[Event "Take 5 2026.03 U1600"]
[Site "Montreal CAN"]
[Date "2026.03.15"]
[Round "5.11"]
[White "Pepin, Pierre-Luc"]
[Black "Gauthier, Luc"]
[Result "0-1"]
[WhiteElo "1151"]
[BlackElo "1508"]
[WhiteFideId "-1"]
[BlackFideId "-1"]
[PlyCount "76"]
[GameId "2289088449161747"]
[EventDate "2026.03.13"]
[EventType "swiss"]
[EventRounds "5"]
[EventCountry "CAN"]

1. d4 Nf6 2. c4 g6 3. b3 Bg7 4. Bb2 O-O 5. g3 c6 6. Bg2 d5 7. cxd5 cxd5 8. e3 Nc6 9. a3 Re8 10. Nc3 Bg4 11. Nge2 Qd7 12. O-O Bh3 13. Rc1 Bxg2 14. Kxg2 Rac8 15. Nf4 e6 16. Nd3 h5 17. h3 b6 18. a4 a6 19. Qe2 Na5 20. Qd1 Qb7 21. Ba3 Nd7 22. Bb4 e5 23. Bxa5 bxa5 24. Ne2 Rxc1 25. Ndxc1 Rc8 26. Qd2 Qb4 27. Qd3 Qd6 28. Rd1 e4 29. Qd2 Qb6 30. Nf4 Nf6 31. Qe2 Bf8 32. Qb2 Bb4 33. Na2 Qd6 34. Rc1 Qd7 35. Rxc8+ Qxc8 36. Qc1 Qf5 37. Qc6 g5 38. Nxh5 Nxh5 0-1

[Event "Take 5 2026.03 U1600"]
[Site "Montreal CAN"]
[Date "2026.03.15"]
[Round "5.9"]
[White "Thompson, Mitchell"]
[Black "Kalivarapu, Ishan"]
[Result "0-1"]
[WhiteElo "1401"]
[BlackElo "1246"]
[WhiteFideId "-1"]
[BlackFideId "-1"]
[PlyCount "82"]
[GameId "2289088449161748"]
[EventDate "2026.03.13"]
[EventType "swiss"]
[EventRounds "5"]
[EventCountry "CAN"]

1. e4 c5 2. Nf3 Nc6 3. d4 cxd4 4. Nxd4 g6 5. c4 Bg7 6. Be3 e6 7. Nc3 Nge7 8. Be2 O-O 9. O-O f5 10. exf5 Nxf5 11. Nxf5 Rxf5 12. Nb5 Bxb2 13. Nd6 Bxa1 14. Nxf5 Be5 15. Nh6+ Kg7 16. Ng4 Bf6 17. Bh6+ Kg8 18. Nxf6+ Qxf6 19. Bc1 b6 20. Qd2 e5 21. Bb2 Qe6 22. f4 Nd4 23. fxe5 Nxe2+ 24. Qxe2 Ba6 25. Qd2 Bxc4 26. Rf6 Qe7 27. Rd6 Rf8 28. h3 Be6 29. Qc3 Qf7 30. a3 Qf1+ 31. Kh2 Rf2 32. Qc8+ Kg7 33. Rxd7+ Bxd7 34. Qxd7+ Kh6 35. Qg4 Rxb2 36. e6 Re2 37. Qh4+ Kg7 38. Qe7+ Kg8 39. Qd8+ Qf8 40. Qd5 Qf4+ 41. Kg1 Re1# 0-1

[Event "Verseau"]
[Site "Chambly CAN"]
[Date "2026.02.11"]
[Round "1.1"]
[White "Hudon, Paul"]
[Black "Evenko, Kirill"]
[Result "0-1"]
[WhiteElo "1812"]
[BlackElo "1586"]
[WhiteFideId "-1"]
[BlackFideId "-1"]
[PlyCount "112"]
[GameId "2291171837489162"]
[EventDate "2026.02.11"]
[EventType "swiss"]
[EventRounds "5"]
[EventCountry "CAN"]

1. e4 d5 2. exd5 Qxd5 3. Nc3 Qd8 4. Bc4 Nf6 5. d4 Bg4 6. f3 Bf5 7. g4 Bg6 8. f4 Be4 9. Nxe4 Nxe4 10. Qd3 Nd6 11. Bb3 e6 12. Nf3 Be7 13. h4 h5 14. g5 g6 15. Bxe6 fxe6 16. Qxg6+ Kf8 17. Qxe6 Qd7 18. Qb3 Qb5 19. Ne5 Qxb3 20. axb3 Ke8 21. Ra5 b6 22. Ra4 Nf5 23. O-O c5 24. d5 a5 25. Re1 Rh7 26. Rae4 Ng3 27. R4e3 Nf5 28. R3e2 Ng3 29. Rd2 Nf5 30. c3 a4 31. Ng6 Kd7 32. Re5 Rf7 33. Re6 Bd6 34. Ne5+ Bxe5 35. fxe5 Nxh4 36. g6 Rg7 37. Rg2 Nxg2 38. Kxg2 Ra6 39. Bh6 Rg8 40. g7 b5 41. Rxa6 Nxa6 42. bxa4 bxa4 43. Kf3 Ke7 44. Ke4 h4 45. Kf4 h3 46. Kg3 h2 47. Kxh2 Kf7 48. Kg3 Kg6 49. Kf4 Kxh6 50. Kf5 Kxg7 51. e6 Kf8 52. Ke5 Nc7 53. Kd6 Nxd5 54. Kxd5 Ke7 55. Kxc5 Rb8 56. Kc4 Rxb2 0-1

[Event "Verseau"]
[Site "Chambly CAN"]
[Date "2026.02.11"]
[Round "1.2"]
[White "Kerhuel-Lefebvre, Stephane"]
[Black "Cousineau, Francois"]
[Result "1/2-1/2"]
[WhiteElo "1582"]
[BlackElo "1798"]
[WhiteFideId "-1"]
[BlackFideId "-1"]
[PlyCount "83"]
[GameId "2291171837616139"]
[EventDate "2026.02.11"]
[EventType "swiss"]
[EventRounds "5"]
[EventCountry "CAN"]

1. d4 c5 2. Nf3 Nf6 3. Bf4 cxd4 4. Qxd4 Nc6 5. Qd1 g6 6. e3 Bg7 7. c3 O-O 8. Bd3 d6 9. Bg3 Nd7 10. O-O Nde5 11. Bc2 Qb6 12. Nxe5 Nxe5 13. Bb3 Bg4 14. Qc2 Rac8 15. Nd2 Qa6 16. Qe4 Bf5 17. Qa4 Qxa4 18. Bxa4 Nd3 19. Bc2 Nxb2 20. Bxf5 gxf5 21. Rab1 Bxc3 22. Nf3 Bf6 23. Bh4 Bxh4 24. Nxh4 Rc2 25. Nxf5 Re8 26. Rfc1 Rxc1+ 27. Rxc1 e6 28. Nxd6 Rd8 29. Nxb7 Rd2 30. Nc5 Nd3 31. Nxd3 Rxd3 32. g3 Rd2 33. Ra1 Kg7 34. a4 a5 35. Ra3 Kf6 36. Rc3 Ra2 37. Rc4 e5 38. Kg2 Ke6 39. Rc6+ Kd5 40. Rc7 Ke6 41. Rc6+ Kd5 42. Rc7 1/2-1/2

[Event "Verseau"]
[Site "Chambly CAN"]
[Date "2026.02.11"]
[Round "1.3"]
[White "Tse, Chun Wing"]
[Black "Bedard, Michel"]
[Result "1-0"]
[WhiteElo "1782"]
[BlackElo "1550"]
[WhiteFideId "-1"]
[BlackFideId "-1"]
[PlyCount "47"]
[GameId "2291171837624332"]
[EventDate "2026.02.11"]
[EventType "swiss"]
[EventRounds "5"]
[EventCountry "CAN"]

1. d4 d5 2. c4 c6 3. Nf3 Nf6 4. Qb3 Qb6 5. Nc3 dxc4 6. Qxc4 Be6 7. Qd3 h6 8. g3 Nbd7 9. Bg2 Nd5 10. a3 Nxc3 11. bxc3 Nf6 12. Rb1 Qa5 13. Rxb7 Bf5 14. Qc4 Be4 15. O-O Rc8 16. Ne5 Bd5 17. Bxd5 Qxd5 18. Qa6 c5 19. Rxe7+ Bxe7 20. Qxc8+ Qd8 21. Qc6+ Nd7 22. dxc5 f6 23. Ng6 Rg8 24. Qe6 1-0

[Event "Verseau"]
[Site "Chambly CAN"]
[Date "2026.02.11"]
[Round "1.4"]
[White "Legault, Jean-Philippe"]
[Black "Cournoyer, Raphael"]
[Result "0-1"]
[WhiteElo "1486"]
[BlackElo "1751"]
[WhiteFideId "-1"]
[BlackFideId "-1"]
[PlyCount "74"]
[GameId "2291171837628429"]
[EventDate "2026.02.11"]
[EventType "swiss"]
[EventRounds "5"]
[EventCountry "CAN"]

1. d4 d5 2. Nf3 Nf6 3. c4 e6 4. Nc3 Nbd7 5. e3 c6 6. Bd3 dxc4 7. Bxc4 Bb4 8. O-O O-O 9. a3 Bxc3 10. bxc3 b5 11. Bd3 Bb7 12. c4 bxc4 13. Bxc4 c5 14. Bb2 Rb8 15. Rb1 Be4 16. Bd3 c4 17. Bxe4 Nxe4 18. Qc2 Nd6 19. Bc3 Qc7 20. Ng5 g6 21. Ne4 Nxe4 22. Qxe4 Nf6 23. Qe5 Qxe5 24. dxe5 Nd5 25. Bd4 a5 26. g3 Rb3 27. Rfc1 Rfb8 28. Rxb3 cxb3 29. Rc5 b2 30. Bxb2 Rxb2 31. Rxa5 Nb6 32. g4 Kg7 33. h4 Nc4 34. Ra4 Nxe5 35. g5 h6 36. Rb4 Ra2 37. a4 Nd3 0-1

[Event "Verseau"]
[Site "Chambly CAN"]
[Date "2026.02.11"]
[Round "1.5"]
[White "Cossette, Richard"]
[Black "Tse, Edwin"]
[Result "0-1"]
[WhiteElo "1674"]
[BlackElo "1415"]
[WhiteFideId "-1"]
[BlackFideId "-1"]
[PlyCount "70"]
[GameId "2291171837632526"]
[EventDate "2026.02.11"]
[EventType "swiss"]
[EventRounds "5"]
[EventCountry "CAN"]

1. e4 c6 2. Nc3 d5 3. Nf3 Bg4 4. h3 Bxf3 5. Qxf3 e6 6. exd5 cxd5 7. Bb5+ Nc6 8. O-O Nf6 9. d4 h6 10. Re1 Bd6 11. a3 O-O 12. Be3 a6 13. Bd3 b5 14. b4 Rc8 15. Ne2 e5 16. dxe5 Nxe5 17. Qf5 g6 18. Qf4 Nxd3 19. Qxh6 Nxe1 20. Rxe1 Ne4 21. Bd4 Nf6 22. g4 Re8 23. g5 Bf8 24. Qh4 Re4 25. Qg3 Nh5 26. Qg2 Nf4 27. Qf3 Qxg5+ 28. Kf1 Nxe2 29. Rxe2 Rxd4 30. c3 Rd1+ 31. Re1 Rxe1+ 32. Kxe1 Qc1+ 33. Ke2 Re8+ 34. Kd3 Qf1+ 35. Kd2 Bh6+ 0-1

[Event "Verseau"]
[Site "Chambly CAN"]
[Date "2026.02.11"]
[Round "1.6"]
[White "Bonin, Francis"]
[Black "Lalonde, Henri"]
[Result "1-0"]
[WhiteElo "1400"]
[BlackElo "1664"]
[WhiteFideId "-1"]
[BlackFideId "-1"]
[PlyCount "109"]
[GameId "2291171837636623"]
[EventDate "2026.02.11"]
[EventType "swiss"]
[EventRounds "5"]
[EventCountry "CAN"]

1. e4 c5 2. Nf3 d6 3. Bc4 e6 4. Nc3 a6 5. a4 Nc6 6. d4 cxd4 7. Nxd4 Bd7 8. Be3 Be7 9. O-O Nf6 10. f3 O-O 11. Qe2 Rc8 12. Rad1 Qc7 13. Ba2 Ne5 14. f4 Neg4 15. h3 Nxe3 16. Qxe3 e5 17. Nde2 b5 18. axb5 axb5 19. Bb3 d5 20. fxe5 Bc5 21. Nd4 Qxe5 22. Kh1 dxe4 23. Rxf6 gxf6 24. Nxe4 Bxd4 25. Qxd4 Qxd4 26. Rxd4 Be6 27. Nxf6+ Kg7 28. Nh5+ Kh8 29. Bxe6 fxe6 30. c3 Rc4 31. Rd2 b4 32. cxb4 Rxb4 33. Kh2 Rfb8 34. Rd7 R4b7 35. Rd6 Re7 36. b4 Kg8 37. Rd4 Kf7 38. Re4 Kg6 39. g4 Rbb7 40. Nf4+ Kf7 41. Kg3 Rb5 42. Nd3 e5 43. Kh4 Rd5 44. Nf2 Rd4 45. Kg5 Rxe4 46. Nxe4 Ke6 47. h4 Rg7+ 48. Kh5 Rg6 49. Ng5+ Kd5 50. Nxh7 e4 51. Kxg6 e3 52. Ng5 e2 53. Nf3 Ke4 54. Ne1 Ke3 55. h5 1-0

[Event "Verseau"]
[Site "Chambly CAN"]
[Date "2026.02.11"]
[Round "1.7"]
[White "Kelly, Patrick"]
[Black "Hebert, Sebastien"]
[Result "1-0"]
[WhiteElo "1599"]
[BlackElo "1396"]
[WhiteFideId "-1"]
[BlackFideId "-1"]
[PlyCount "105"]
[GameId "2291171837648912"]
[EventDate "2026.02.11"]
[EventType "swiss"]
[EventRounds "5"]
[EventCountry "CAN"]

1. e4 e5 2. Bc4 Nc6 3. Nc3 Nf6 4. d3 Na5 5. Qf3 Nxc4 6. dxc4 c6 7. Nge2 d6 8. Ng3 Qb6 9. O-O Bg4 10. Qd3 Rd8 11. Be3 Qa6 12. Bg5 Be6 13. b3 Be7 14. Nf5 Bxf5 15. exf5 h6 16. Bh4 O-O 17. Ne4 c5 18. Bxf6 Bxf6 19. Nxf6+ gxf6 20. Rfe1 Qa3 21. Qe4 Rd7 22. Qh4 Kg7 23. Re3 Qb2 24. Rg3+ Kh7 25. Rf1 Qd4 26. Rg4 e4 27. Rxe4 Qd2 28. Qxf6 Qg5 29. Qxg5 hxg5 30. Rfe1 Kg7 31. g4 Rfd8 32. Re7 Kf6 33. Rxd7 Rxd7 34. Kf1 Rd8 35. Kg2 Rh8 36. Kg3 b6 37. a4 a6 38. Re2 a5 39. f4 gxf4+ 40. Kxf4 Rd8 41. g5+ Kg7 42. h4 d5 43. Rd2 d4 44. Re2 d3 45. cxd3 Rxd3 46. Re3 Rd4+ 47. Kg3 Rd6 48. h5 Rd4 49. Kf3 Rd6 50. Ke4 Rd4+ 51. Ke5 Rg4 52. h6+ Kg8 53. Kf6 1-0

[Event "Verseau"]
[Site "Chambly CAN"]
[Date "2026.02.11"]
[Round "1.8"]
[White "Lemieux, Serge"]
[Black "Longpre, Martin"]
[Result "0-1"]
[WhiteElo "1367"]
[BlackElo "1594"]
[WhiteFideId "-1"]
[BlackFideId "-1"]
[PlyCount "76"]
[GameId "2291171837657105"]
[EventDate "2026.02.11"]
[EventType "swiss"]
[EventRounds "5"]
[EventCountry "CAN"]

1. d4 d5 2. Nf3 Nf6 3. e3 Bg4 4. Be2 e6 5. Nbd2 Nbd7 6. h3 Bh5 7. O-O Bd6 8. c4 c6 9. c5 Be7 10. b4 a6 11. Ne5 Bxe2 12. Qxe2 O-O 13. f4 Ne8 14. Rf3 Nc7 15. a4 f5 16. g3 Nf6 17. g4 Ne4 18. g5 g6 19. Bb2 Kg7 20. h4 h5 21. gxh6+ Kxh6 22. Qg2 Qe8 23. Nxe4 dxe4 24. Rg3 Rg8 25. h5 gxh5 26. Kh2 Bh4 27. Rxg8 Qxg8 28. Qxg8 Rxg8 29. Bc3 Nd5 30. Bd2 Bf2 31. Nf7+ Kg7 32. Ng5 Kf6 33. Ra3 Bh4 34. Ra1 Bxg5 35. fxg5+ Rxg5 36. Rg1 Rxg1 37. Kxg1 Kg5 38. Kg2 Kg4 0-1

[Event "Verseau"]
[Site "Chambly CAN"]
[Date "2026.02.18"]
[Round "2.1"]
[White "Longpre, Martin"]
[Black "Tse, Chun Wing"]
[Result "0-1"]
[WhiteElo "1594"]
[BlackElo "1782"]
[WhiteFideId "-1"]
[BlackFideId "-1"]
[PlyCount "106"]
[GameId "2291171837665309"]
[EventDate "2026.02.11"]
[EventType "swiss"]
[EventRounds "5"]
[EventCountry "CAN"]

1. e4 c6 2. d4 d5 3. e5 c5 4. c3 Nc6 5. Be2 cxd4 6. cxd4 Qb6 7. Nc3 e6 8. Nf3 Nge7 9. a3 Nf5 10. Na4 Qc7 11. b4 Bd7 12. Nc5 Bxc5 13. bxc5 b6 14. cxb6 Qxb6 15. Be3 O-O 16. O-O Rab8 17. Bd3 Nce7 18. Bg5 Bb5 19. Rb1 Qa6 20. Bxb5 Rxb5 21. Qd3 Ra5 22. Qxa6 Rxa6 23. Bxe7 Nxe7 24. Rb3 Rc8 25. Rd1 h6 26. Kf1 Nf5 27. g4 Ne7 28. Ke2 Rc4 29. h4 Nc6 30. h5 Kf8 31. Ke3 Na5 32. Rbd3 Ra4 33. Rb1 Nc4+ 34. Ke2 Rb6 35. Ra1 Ke7 36. Ke1 Kd7 37. Nd2 Nb2 38. Rf3 Ke7 39. Nb3 Rc4 40. Rc1 Rxb3 41. Rxb3 Rxc1+ 42. Kd2 Rf1 43. Rb7+ Ke8 44. Rxb2 Rxf2+ 45. Kc3 Rxb2 46. Kxb2 f6 47. Kc3 fxe5 48. dxe5 Kd7 49. Kb4 Kc6 50. Kc3 Kb5 51. Kb3 d4 52. a4+ Kc5 53. Kc2 Kd5 0-1

[Event "Verseau"]
[Site "Chambly CAN"]
[Date "2026.02.18"]
[Round "2.2"]
[White "Cournoyer, Raphael"]
[Black "Evenko, Kirill"]
[Result "1/2-1/2"]
[WhiteElo "1751"]
[BlackElo "1586"]
[WhiteFideId "-1"]
[BlackFideId "-1"]
[PlyCount "66"]
[GameId "2291171837665310"]
[EventDate "2026.02.11"]
[EventType "swiss"]
[EventRounds "5"]
[EventCountry "CAN"]

1. d4 d5 2. Nf3 Nf6 3. g3 g6 4. Bg2 Bg7 5. O-O O-O 6. c4 c6 7. Nc3 Ne4 8. cxd5 cxd5 9. Qb3 Nxc3 10. bxc3 e6 11. Bg5 Qa5 12. Rac1 Nd7 13. Rfe1 Nf6 14. c4 dxc4 15. Qxc4 b5 16. Qc7 Qxc7 17. Rxc7 Nd5 18. Rc5 a6 19. Rec1 Bb7 20. Bd2 Rac8 21. Rxc8 Rxc8 22. Ne5 Rxc1+ 23. Bxc1 Bxe5 24. dxe5 Bc6 25. Bb2 Nb4 26. a3 Bxg2 27. Kxg2 Nc6 28. f4 Kf8 29. Kf3 Ke7 30. e4 Na5 31. Bc3 Nc4 32. Bb4+ Kd7 33. Ke2 Kc6 1/2-1/2

[Event "Verseau"]
[Site "Chambly CAN"]
[Date "2026.02.18"]
[Round "2.3"]
[White "Tse, Edwin"]
[Black "Kelly, Patrick"]
[Result "0-1"]
[WhiteElo "1415"]
[BlackElo "1599"]
[WhiteFideId "-1"]
[BlackFideId "-1"]
[PlyCount "60"]
[GameId "2291171837710367"]
[EventDate "2026.02.11"]
[EventType "swiss"]
[EventRounds "5"]
[EventCountry "CAN"]

1. d4 Nf6 2. Bg5 d6 3. Bxf6 gxf6 4. e3 Bf5 5. c4 c6 6. Nc3 Nd7 7. g3 h5 8. h4 Qa5 9. Qb3 Qb6 10. Nh3 e5 11. d5 Nc5 12. Qxb6 axb6 13. Rd1 Kd7 14. f3 e4 15. fxe4 Nxe4 16. Nxe4 Bxe4 17. Rh2 Rxa2 18. Nf2 Rxb2 19. Bh3+ Kc7 20. Rd2 Rxd2 21. Kxd2 Bf3 22. Bg2 Bxg2 23. Rxg2 f5 24. Nd3 Bh6 25. Rf2 Re8 26. Rxf5 Rxe3 27. Rxf7+ Re7+ 28. Rf4 Bxf4+ 29. Nxf4 Re5 30. Kd3 b5 0-1

[Event "Verseau"]
[Site "Chambly CAN"]
[Date "2026.02.18"]
[Round "2.4"]
[White "Cousineau, Francois"]
[Black "Bonin, Francis"]
[Result "1-0"]
[WhiteElo "1798"]
[BlackElo "1400"]
[WhiteFideId "-1"]
[BlackFideId "-1"]
[PlyCount "95"]
[GameId "2291171837710368"]
[EventDate "2026.02.11"]
[EventType "swiss"]
[EventRounds "5"]
[EventCountry "CAN"]

1. e4 e5 2. Nf3 Nc6 3. d4 exd4 4. Nxd4 Bc5 5. Nb3 Bb6 6. Nc3 d6 7. Qe2 Be6 8. Be3 Qd7 9. O-O-O O-O-O 10. Nc5 Bxc5 11. Bxc5 Qe7 12. Be3 f6 13. f3 Qf7 14. Kb1 Nge7 15. Qf2 a6 16. Be2 d5 17. b3 Rd7 18. Na4 d4 19. Bxd4 Nxd4 20. Rxd4 Rxd4 21. Qxd4 Nc6 22. Qc3 Bd7 23. Nc5 Nb8 24. Rd1 Bb5 25. Bxb5 axb5 26. Qd3 b6 27. Qxb5 bxc5 28. Qxc5 Rd8 29. Rxd8+ Kxd8 30. a4 Ke8 31. a5 g6 32. a6 Nxa6 33. Qc6+ Qd7 34. Qxa6 Qd1+ 35. Kb2 Qd4+ 36. Ka2 Qd2 37. Qc8+ Kf7 38. Qxc7+ Kg8 39. g4 Qe2 40. Qc4+ Qxc4 41. bxc4 Kf7 42. Kb3 g5 43. Kc3 Ke6 44. Kd4 Kd6 45. c5+ Kc6 46. Kc4 h6 47. h3 Kc7 48. Kd5 1-0

[Event "Verseau"]
[Site "Chambly CAN"]
[Date "2026.02.18"]
[Round "2.5"]
[White "Boyer, Pascal"]
[Black "Vigneault, Leo Billy"]
[Result "1-0"]
[WhiteElo "1658"]
[BlackElo "1513"]
[WhiteFideId "-1"]
[BlackFideId "-1"]
[PlyCount "87"]
[GameId "2291171837710369"]
[EventDate "2026.02.11"]
[EventType "swiss"]
[EventRounds "5"]
[EventCountry "CAN"]

1. e4 c6 2. d4 d5 3. exd5 cxd5 4. Nf3 Nc6 5. Bf4 Nf6 6. Nbd2 Bg4 7. Bb5 Qb6 8. Bxc6+ bxc6 9. Rb1 e6 10. O-O c5 11. h3 Bh5 12. c3 cxd4 13. Qa4+ Kd8 14. Nxd4 Rc8 15. N2b3 Rc4 16. Qa5 Qxa5 17. Nxa5 Ra4 18. Nac6+ Kc8 19. b3 Rxa2 20. Ra1 Ra3 21. Nxa7+ Kb7 22. Nab5 Rxa1 23. Rxa1 Bc5 24. Be5 Rg8 25. Kf1 Ne4 26. f3 Nf6 27. b4 Bxd4 28. Bxd4 Ra8 29. Nd6+ Kb8 30. Rxa8+ Kxa8 31. b5 Bg6 32. Ke2 Kb8 33. Bxf6 gxf6 34. b6 e5 35. Ke3 f5 36. f4 f6 37. g4 fxg4 38. hxg4 h6 39. f5 Bh7 40. Ne8 Bg8 41. Nxf6 Bf7 42. Nd7+ Kb7 43. Nxe5 Be8 44. f6 1-0

[Event "Verseau"]
[Site "Chambly CAN"]
[Date "2026.02.18"]
[Round "2.6"]
[White "Lefebvre-Langlais, Hugues"]
[Black "Kerhuel-Lefebvre, Stephane"]
[Result "0-1"]
[WhiteElo "1420"]
[BlackElo "1582"]
[WhiteFideId "-1"]
[BlackFideId "-1"]
[PlyCount "128"]
[GameId "2291171837714466"]
[EventDate "2026.02.11"]
[EventType "swiss"]
[EventRounds "5"]
[EventCountry "CAN"]

1. e4 e5 2. Nf3 Nc6 3. Bc4 Be7 4. d4 d6 5. Nc3 Nf6 6. d5 Nb8 7. Be3 O-O 8. O-O a6 9. a4 Bg4 10. Be2 Bh5 11. Ra3 Nbd7 12. Nh4 Bxe2 13. Qxe2 Nxe4 14. Nxe4 Bxh4 15. Qg4 f5 16. Qh5 fxe4 17. Bd2 g6 18. Qg4 Be7 19. Rh3 Nf6 20. Qe6+ Rf7 21. f3 Qd7 22. Bh6 Qxe6 23. dxe6 Rg7 24. Bxg7 Kxg7 25. fxe4 Re8 26. b3 Bd8 27. Rff3 Rxe6 28. Re3 c6 29. b4 Bb6 30. c4 Bd4 31. Kf1 Bxe3 32. Rxe3 Ng4 33. Rh3 Rf6+ 34. Ke1 Rf4 35. Rd3 Rxe4+ 36. Kf1 Ne3+ 37. Ke2 Nxc4+ 38. Kf3 d5 39. b5 Re3+ 40. Rxe3 Nxe3 41. Kxe3 cxb5 42. axb5 axb5 43. Kd3 b6 44. Kc3 d4+ 45. Kd3 Kf6 46. g4 h5 47. gxh5 gxh5 48. h3 Ke6 49. h4 Kd5 50. Ke2 Kc4 51. Kd2 b4 52. Kc2 e4 53. Kd2 b3 54. Kc1 e3 55. Kd1 b2 56. Kc2 e2 57. Kxb2 e1=R 58. Kc2 Re2+ 59. Kd1 Rh2 60. Ke1 Kd3 61. Kf1 Ke3 62. Kg1 Ra2 63. Kf1 b5 64. Ke1 Ra1# 0-1

[Event "Verseau"]
[Site "Chambly CAN"]
[Date "2026.02.18"]
[Round "2.7"]
[White "Poirier, Dany"]
[Black "Hudon, Paul"]
[Result "0-1"]
[WhiteElo "1394"]
[BlackElo "1812"]
[WhiteFideId "-1"]
[BlackFideId "-1"]
[PlyCount "54"]
[GameId "2291171837718563"]
[EventDate "2026.02.11"]
[EventType "swiss"]
[EventRounds "5"]
[EventCountry "CAN"]

1. Nf3 Nf6 2. g3 g6 3. Bg2 Bg7 4. d4 O-O 5. O-O d5 6. Re1 Bg4 7. Ne5 c6 8. Nxg4 Nxg4 9. h3 Nf6 10. c3 Nbd7 11. e4 Nxe4 12. Bxe4 dxe4 13. Rxe4 e5 14. dxe5 Nxe5 15. Nd2 Qd7 16. Kh2 Rad8 17. Qe2 Nd3 18. Nb3 Qf5 19. f4 c5 20. Nd2 Nxc1 21. Rxc1 Rxd2 22. Qxd2 Qxe4 23. Re1 Qc6 24. Rc1 Re8 25. b4 Qf3 26. Re1 Rxe1 27. Qxe1 Bxc3 0-1

[Event "Verseau"]
[Site "Chambly CAN"]
[Date "2026.02.18"]
[Round "2.8"]
[White "Hebert, Sebastien"]
[Black "Cossette, Richard"]
[Result "1/2-1/2"]
[WhiteElo "1396"]
[BlackElo "1674"]
[WhiteFideId "-1"]
[BlackFideId "-1"]
[PlyCount "92"]
[GameId "2291171837718564"]
[EventDate "2026.02.11"]
[EventType "swiss"]
[EventRounds "5"]
[EventCountry "CAN"]

1. e4 d6 2. Nf3 Nf6 3. Nc3 g6 4. d3 c5 5. Be2 Bg7 6. Bd2 Nc6 7. a3 a6 8. O-O Rb8 9. Rb1 Bg4 10. h3 Bxf3 11. Bxf3 O-O 12. Nd5 Nxd5 13. exd5 Ne5 14. Be2 b5 15. c4 Qc7 16. Qc1 Rfe8 17. f4 Nd7 18. f5 b4 19. axb4 cxb4 20. b3 a5 21. fxg6 hxg6 22. Bh6 Qa7+ 23. Kh1 Qd4 24. Bxg7 Qxg7 25. Qf4 Nb6 26. Bg4 Rf8 27. Be2 a4 28. bxa4 Nxa4 29. Bd1 Nc3 30. Rb3 e5 31. Qd2 Rb7 32. Bf3 Ra8 33. Rxb4 Rxb4 34. Qxc3 Rab8 35. c5 Rb3 36. Qc2 Rb2 37. Qc4 R8b4 38. Qc1 Rb1 39. Qxb1 Rxb1 40. Rxb1 dxc5 41. d6 Qf8 42. d7 Qd6 43. Bc6 Kg7 44. Rc1 Qxd3 45. Rxc5 Qf1+ 46. Kh2 Qf4+ 1/2-1/2

[Event "Verseau"]
[Site "Chambly CAN"]
[Date "2026.02.18"]
[Round "2.9"]
[White "Lalonde, Henri"]
[Black "Legault, Jean-Philippe"]
[Result "1-0"]
[WhiteElo "1664"]
[BlackElo "1486"]
[WhiteFideId "-1"]
[BlackFideId "-1"]
[PlyCount "51"]
[GameId "2291171837722661"]
[EventDate "2026.02.11"]
[EventType "swiss"]
[EventRounds "5"]
[EventCountry "CAN"]

1. d4 d5 2. c4 c6 3. Nc3 Nf6 4. Bg5 dxc4 5. e3 b5 6. Bxf6 exf6 7. g3 Be7 8. Bg2 O-O 9. Nge2 Bb7 10. Nxb5 Qb6 11. Nbc3 c5 12. Bxb7 Qxb7 13. O-O cxd4 14. Nxd4 Qxb2 15. Ndb5 Qb4 16. Rb1 Qa5 17. Qf3 Nd7 18. Nd5 Bc5 19. Nbc3 Ne5 20. Qf5 Qd8 21. Ne4 Be7 22. Rfd1 Nd3 23. Rb7 Re8 24. Nc7 g6 25. Qb5 Rb8 26. Rxb8 1-0

[Event "Verseau"]
[Site "Chambly CAN"]
[Date "2026.02.18"]
[Round "2.10"]
[White "Bedard, Michel"]
[Black "Zheng-Roy, Ethan"]
[Result "0-1"]
[WhiteElo "1550"]
[BlackElo "1204"]
[WhiteFideId "-1"]
[BlackFideId "-1"]
[PlyCount "96"]
[GameId "2291171837722662"]
[EventDate "2026.02.11"]
[EventType "swiss"]
[EventRounds "5"]
[EventCountry "CAN"]

1. d4 Nf6 2. Nc3 c5 3. dxc5 e6 4. e4 Nc6 5. Be3 Qa5 6. Bd3 Bxc5 7. Bxc5 Qxc5 8. Nf3 O-O 9. O-O h6 10. a3 Re8 11. Ne2 d5 12. b4 Qd6 13. Bb5 Nxe4 14. Nd2 Nf6 15. c4 a6 16. c5 Qc7 17. Ba4 Bd7 18. Bb3 Ng4 19. g3 Rad8 20. Nf3 Nce5 21. Nxe5 Nxe5 22. Nd4 Nc6 23. Re1 a5 24. Nb5 Qb8 25. Nd6 Rf8 26. Qd2 axb4 27. axb4 Na7 28. Ra3 Nb5 29. Nxb5 Bxb5 30. Rea1 Qe5 31. Re1 Qf5 32. Bd1 Ra8 33. Ree3 Bc4 34. Bf3 Qb1+ 35. Re1 Qxe1+ 36. Qxe1 Rxa3 37. Kg2 Rfa8 38. Qe5 Ra1 39. Be2 Re1 40. Qc7 Bxe2 41. Qxb7 Ra3 42. Kh3 Bf1+ 43. Kh4 Re4+ 44. f4 Ra2 45. Qb8+ Kh7 46. g4 Re3 47. g5 Rxh2+ 48. Kg4 Be2# 0-1

[Event "Verseau"]
[Site "Chambly CAN"]
[Date "2026.02.25"]
[Round "3.1"]
[White "Tse, Chun Wing"]
[Black "Kelly, Patrick"]
[Result "1-0"]
[WhiteElo "1782"]
[BlackElo "1599"]
[WhiteFideId "-1"]
[BlackFideId "-1"]
[PlyCount "79"]
[GameId "2291171837743153"]
[EventDate "2026.02.11"]
[EventType "swiss"]
[EventRounds "5"]
[EventCountry "CAN"]

1. d4 Nf6 2. c4 d6 3. Nc3 c6 4. e4 Qa5 5. Bd3 e5 6. d5 Nbd7 7. Bd2 Qc7 8. Nge2 Be7 9. O-O O-O 10. Ng3 Nc5 11. Be2 a5 12. b3 Ne8 13. Bg4 g6 14. Bxc8 Qxc8 15. Bh6 Ng7 16. f4 Qd8 17. fxe5 Bg5 18. Bxg7 Be3+ 19. Kh1 Kxg7 20. dxc6 bxc6 21. Rf3 Qg5 22. exd6 Bf4 23. Rxf4 Qxf4 24. Qd4+ Kg8 25. Qxc5 Qd2 26. Nge2 Rad8 27. Rd1 Qc2 28. Qxc6 Rfe8 29. Qd5 Re6 30. Rd2 Qxd2 31. Qxd2 Rdxd6 32. Nd5 f5 33. exf5 gxf5 34. h3 Kf7 35. Nd4 Re5 36. Qf4 Re1+ 37. Kh2 Rg6 38. Qxf5+ Kg7 39. Nf4 Rd6 40. Nde6+ 1-0

[Event "Verseau"]
[Site "Chambly CAN"]
[Date "2026.02.25"]
[Round "3.2"]
[White "Kerhuel-Lefebvre, Stephane"]
[Black "Cournoyer, Raphael"]
[Result "0-1"]
[WhiteElo "1582"]
[BlackElo "1751"]
[WhiteFideId "-1"]
[BlackFideId "-1"]
[PlyCount "56"]
[GameId "2291171837743154"]
[EventDate "2026.02.11"]
[EventType "swiss"]
[EventRounds "5"]
[EventCountry "CAN"]

1. e4 c6 2. d4 d5 3. e5 c5 4. c3 cxd4 5. cxd4 Nc6 6. Be2 Qb6 7. Nc3 e6 8. Nf3 Nge7 9. Bd3 Ng6 10. O-O Be7 11. b3 O-O 12. Na4 Qd8 13. Bd2 Bd7 14. Nb2 a6 15. a3 b5 16. b4 Qb6 17. Be3 a5 18. bxa5 Nxa5 19. a4 b4 20. Nd2 Rfc8 21. f4 f5 22. Qe2 Rc3 23. Nb1 Rc7 24. Rf3 Nb3 25. Ra2 Nc1 26. Bxc1 Rxc1+ 27. Kf2 b3 28. Ra1 Qxd4+ 0-1

[Event "Verseau"]
[Site "Chambly CAN"]
[Date "2026.02.25"]
[Round "3.3"]
[White "Evenko, Kirill"]
[Black "Boyer, Pascal"]
[Result "1-0"]
[WhiteElo "1586"]
[BlackElo "1658"]
[WhiteFideId "-1"]
[BlackFideId "-1"]
[PlyCount "51"]
[GameId "2291171837747251"]
[EventDate "2026.02.11"]
[EventType "swiss"]
[EventRounds "5"]
[EventCountry "CAN"]

1. c4 e5 2. g3 Nf6 3. Bg2 Bc5 4. Nc3 c6 5. e3 O-O 6. Nge2 d5 7. d4 exd4 8. exd4 Bb4 9. cxd5 Nxd5 10. O-O Bg4 11. Nxd5 cxd5 12. h3 Bh5 13. g4 Bg6 14. Qb3 Nc6 15. Bxd5 Qe7 16. Be3 Rac8 17. a3 Bd6 18. Rac1 Kh8 19. Rfe1 f5 20. Nf4 Bxf4 21. Bxf4 Qf6 22. Qxb7 Qxd4 23. Be5 Nxe5 24. Rxc8 Be8 25. Qe7 Ng6 26. Rxe8 1-0